000 00306nam a22001337a 4500
008 170623b xxu||||| |||| 00| 0 eng d
020 _a9780199238682
041 _aeng
080 _a32
100 _a21
101 _aSHP
245 _aTHE INTERNATIONAL STRUGGLE OVER IRAQ
_cMALONE, D.M
942 _2udc
_cBK
999 _c18918
_d18918